Trophies won by Carlo Ancelotti as a coach - Statistics

General Stats
  • This quiz has been taken 101 times
  • The average score is 12 of 20
Answer Stats
Club Année Trophée % Correct
Real Madrid 2024 UEFA Champions League
96%
Real Madrid 2024 La Liga
88%
Real Madrid 2023 Copa del Rey
79%
Chelsea 2010 Premier League
79%
Real Madrid
74%
AC Milan 2004 Serie A
74%
Chelsea 2010 FA Cup
71%
Bayern Münich 2017 Bundesliga
66%
AC Milan 2003 Coppa Italia
62%
Paris Saint-Germain 2013 Ligue 1
60%
Real Madrid 2022 FIFA Club World Cup
57%
Chelsea
56%
AC Milan
54%
Bayern Münich
52%
Real Madrid 2022 UEFA Super Cup
52%
Real Madrid 2024 Supercopa de España
51%
Chelsea 2009 FA Community Shield
50%
Paris Saint-Germain
48%
AC Milan 2004 Supercoppa Italiana
40%
Bayern Münich 2017 DFL-Supercup
30%
No matching quizzes found
Score Distribution
Percent of People with Each Score
Percentile by Number Answered
Your Score History
You have not taken this quiz